01514nam a2200301 4500001000400000003000400004005001700008008004100025020001800066040000800084041001300092082001500105100002900120240002100149245008500170260005000255300001100305490002900316520070700345650002501052650001301077650001301090650002101103655001201124655001601136700003101152830002901183349OSt20250528074018.0250401b |||||||g |||| 00| 1 eng d a9788567296173 bpor hengapor a813bF299m aFeist, Raymond E.d1945- aMagician: master aMago:bEspinho de Prata /cFeist, Raymond E. ; Tradução de Cristina Correia aRio de JaneirobSaída de Emergênciac2014 a416 p.1 aA saga do MagovLivro 03 aDurante quase um ano, a paz reinou nas terras encantadas de Midkemia. Porém, novos desafios aguardam Arutha, o Príncipe de Krondor, quando Jimmy, a Mão - o mais jovem larápio do Zombadores, a Guilda dos Ladrões - surpreende um sinistro Falcão Noturno prestes a assassiná-lo. Que poder maléfico fez com que os mortos se levantassem para combater em nome da Guilda da Morte? E que magia poderosa poderá derrotá-los? Mas primeiro o Príncipe Arutha, na companhia de um mercenário, um bardo e um jovem ladrão, terá que fazer a viagem mais perigosa da sua vida, em busca de um antídoto para o veneno que está prestes a matar a bela Princesa no dia do seu próprio casamento.  0aLiteratura Americana 0aFantasia 0aAventura 0aSeres mágicos  0aRomance 0aFicção  aCristina CorreiaeTradutor aA saga do MagovLivro 03